000 00557nam a2200229Ia 4500
003 OSt
005 20221005125442.0
006 a|||||r|||| 00| 0
007 ta
008 221004b |||||||| |||| 00| 0 tam d
024 _a52499
037 _cTextual
040 _aCRL
_cCRL
_btam
041 _2tam
_atam
082 _aY15, 31K0
100 _aPillai Kandhaiyah Au.
_9636690
245 0 _aPengal ulagam
260 _c1960
650 _aSOCIOLOGY
942 _hY15, 31K0
_cTEXL
_2cc
999 _c1054053
_d1054053